KOHA-Header-6

Gher Sami Mazahib Ke Bani (Record no. 9618)

000 -LEADER
fixed length control field 00258nam a2200109Ia 4500
100 ## - MAIN ENTRY--AUTHOR NAME
Personal name Altaf Javed
245 #0 - TITLE STATEMENT
Title Gher Sami Mazahib Ke Bani
260 ## - PUBLICATION, DISTRIBUTION, ETC. (IMPRINT)
Place of publication Karachi
Name of publisher Apna Idarah
Year of publication 2017
300 ## - PHYSICAL DESCRIPTION
Number of Pages 390
942 ## - ADDED ENTRY ELEMENTS (KOHA)
Koha item type Books
Holdings
Withdrawn status Lost status Collection code Permanent Location Current Location Shelving location Date acquired Full call number Accession Number Koha item type
    Urdu Literature MAJU MAJU   2019-09-14 294.5 5476 Urdu Literature

Powered by Koha